|
|
|
|
| LEADER |
00000nam a2200000 a 4500 |
| 001 |
vtls001174775 |
| 003 |
SK-MaSNL |
| 005 |
20260301112146.0 |
| 008 |
250414s1978 US 0 eng |
| 015 |
|
|
|a SNBZSA1993
|
| 035 |
|
|
|a SNK000117769
|
| 040 |
|
|
|a SNK
|b slo
|c SNK
|e AACR2
|
| 041 |
0 |
|
|a eng
|
| 044 |
|
|
|a US
|
| 080 |
|
|
|a 322(437.6)"1947/1968"=20
|2 1981
|
| 080 |
|
|
|a 929 Zubek, Teodorik
|2 1981
|
| 080 |
|
|
|a 262.14(=854)(73)=20
|2 1981
|
| 100 |
1 |
|
|a Zúbek, Teodorik J.,
|d 1914-1988
|4 aut
|9 170042
|
| 245 |
1 |
0 |
|a Selections from the Pen of Father Theodoric Zubek, O.F.M.
|b Reminiscences and Reflections of a Slovak Refugee Priest in America
|c Teodorik Jozef Zúbek
|
| 250 |
|
|
|a Reprint
|
| 260 |
|
|
|a Cleveland
|b First Catholic Slovak Union
|c 1978
|e Middletown
|f Jednota Printery
|
| 300 |
|
|
|a 31 s.
|b 1 fotogr.
|c 23 cm
|
| 500 |
|
|
|a Sep. odt. z: Jednota Annual Furdek 1978
|
| 600 |
1 |
7 |
|a Zúbek, Teodorik Jozef
|2 SNK
|9 452443
|
| 655 |
|
7 |
|a prehľady
|2 SNK
|9 70194
|
| 852 |
|
|
|a Slovenská národná knižnica
|
| 954 |
|
|
|a Slovenská republika
|a politika vnútorná
|a politika cirkevná
|
| 954 |
|
|
|a Zubek, Theodoric p. Zubek, Teodorik Jozef
|
| 958 |
|
|
|a AAI
|
| 958 |
|
|
|a UC
|
| 958 |
|
|
|a BX
|
| 958 |
|
|
|a ZS
|
| 958 |
|
|
|a TL
|
| 958 |
|
|
|a OND
|
| 999 |
|
|
|c 709656
|d 711586
|
| 952 |
|
|
|a SNK
|b SNK
|y PREZ
|7 0
|p 17A1009561
|o snkSC 83348
|0 0
|1 0
|4 0
|d 2012-08-16
|l 0
|r 2025-08-21 00:00:00
|w 2026-02-23
|
| 952 |
|
|
|t P60, <04>, [BOOK], {604}
|a SNK
|b SNK
|y VYP
|7 0
|p 17A0299649
|o snkSC 83348 D1
|i snkV 1034/93
|0 0
|1 0
|4 0
|d 2001-05-10
|l 0
|r 2005-01-01 00:00:00
|w 2026-02-23
|